000 00440nam a2200193Ia 4500
999 _c66701
_d66701
003 0100
005 20180308154629.0
008 130303s9999 xx 000 0 und d
040 _cARRUPELIB
050 _aDT962.62.Z59
245 _aZimbabwe's inheritance /
260 _aLondon
_bMacmillan
_c1981
300 _a234p.
300 _b 23 cm
650 _aZimbabwe
_xPolitics
_93690
650 _aZimbabwe
_xEconomic conditions
_923133
650 _aZimbabwe
_xSocial conditions
_926140
700 _aStoneman, Colin (ed.)
_940435
942 _2lcc
_01
_cMONOGRAPH